000 00379 a2200121 4500
001 ART_31493
005 20260410161707.0
008 260409a
245 1 0 _aNuevo régimen de información para administradores de consorcio
100 1 _aCarratalá, Juan Martín
700 1 _aAlbano, Horacio O.
773 0 _tRevista Impuestos
_g- Nº 2 (ene. 2007)
_wREV639
999 _c15721
_d15721